Managing and minimizing construction waste: a practical guide. (Record no. 100123)
[ view plain ]
| 000 -LEADER | |
|---|---|
| fixed length control field | 00764cam a2200265 4500 |
| 008 - FIXED-LENGTH DATA ELEMENTS--GENERAL INFORMATION | |
| fixed length control field | 000000n1995 000 0 eng u |
| 020 ## - INTERNATIONAL STANDARD BOOK NUMBER | |
| International Standard Book Number | 0727720236 |
| 035 ## - SYSTEM CONTROL NUMBER | |
| System control number | (Sirsi) u103419 |
| 050 ## - LIBRARY OF CONGRESS CALL NUMBER | |
| Classification number | 614.76 |
| 100 ## - MAIN ENTRY--PERSONAL NAME | |
| Personal name | Ferguson, J. |
| 110 ## - MAIN ENTRY--CORPORATE NAME | |
| Corporate name or jurisdiction name as entry element | Institution of Civil Engineers |
| 9 (RLIN) | 1402 |
| 245 ## - TITLE STATEMENT | |
| Title | Managing and minimizing construction waste: a practical guide. |
| 260 ## - PUBLICATION, DISTRIBUTION, ETC. | |
| Place of publication, distribution, etc. | London |
| Name of publisher, distributor, etc. | Thomas Telford |
| Date of publication, distribution, etc. | 1995 |
| 300 ## - PHYSICAL DESCRIPTION | |
| Extent | 60p. : ill. ; 21cm. |
| 350 ## - PRICE (NR) (BK AM CF MU VM SE) [OBSOLETE] | |
| Price | 15.00 |
| 650 ## - SUBJECT ADDED ENTRY--TOPICAL TERM | |
| Topical term or geographic name entry element | WASTE MINIMISATION |
| 650 ## - SUBJECT ADDED ENTRY--TOPICAL TERM | |
| Topical term or geographic name entry element | CONSTRUCTION INDUSTRY |
| 650 ## - SUBJECT ADDED ENTRY--TOPICAL TERM | |
| Topical term or geographic name entry element | PLANNING CONTROL |
| 690 ## - LOCAL SUBJECT ADDED ENTRY--TOPICAL TERM (OCLC, RLIN) | |
| Topical term or geographic name as entry element | ENVIRONMENTAL AND LAND CONSULTANCY-WASTE MANAGEMENT |
| 700 ## - ADDED ENTRY--PERSONAL NAME | |
| Personal name | Kermode, N. |
| 700 ## - ADDED ENTRY--PERSONAL NAME | |
| Personal name | Nash, C.L. |
| 700 ## - ADDED ENTRY--PERSONAL NAME | |
| Personal name | Sketch, W.A.J. |
| 700 ## - ADDED ENTRY--PERSONAL NAME | |
| Personal name | Huxford, R.P. |
| 942 ## - ADDED ENTRY ELEMENTS (KOHA) | |
| Suppress in OPAC | 0 |
| Withdrawn status | Lost status | Source of classification or shelving scheme | Damaged status | Not for loan | Home library | Current library | Shelving location | Date acquired | Cost, normal purchase price | Total Checkouts | Full call number | Barcode | Date last seen | Date last checked out | Copy number | Cost, replacement price | Price effective from | Koha item type |
|---|---|---|---|---|---|---|---|---|---|---|---|---|---|---|---|---|---|---|
| Dewey Decimal Classification | London | London | Books | 25/01/2000 | 15.00 | 13 | 614.76 FER | 30060474 | 06/08/2019 | 12/02/2007 | 1 | 15.00 | 06/08/2019 | Book |